An introduction to investments (Record no. 503435)

000 -LEADER
fixed length control field 00368cam a22001337a 4500
008 - FIXED-LENGTH DATA ELEMENTS--GENERAL INFORMATION
fixed length control field 180718b2008 xxu||||| |||| 00| 0 eng d
082 ## - DEWEY DECIMAL CLASSIFICATION NUMBER
Classification number T471 M454
100 ## - MAIN ENTRY--PERSONAL NAME
Personal name Mayo, Herbert B.
245 ## - TITLE STATEMENT
Title An introduction to investments
Statement of responsibility, etc. By Herbert B. Mayo
260 ## - PUBLICATION, DISTRIBUTION, ETC.
Place of publication, distribution, etc. Brazil
Name of publisher, distributor, etc. clengage lerning
Date of publication, distribution, etc. 2008
300 ## - PHYSICAL DESCRIPTION
Extent 775p.
650 ## - SUBJECT ADDED ENTRY--TOPICAL TERM
Topical term or geographic name entry element Investment analysis
650 ## - SUBJECT ADDED ENTRY--TOPICAL TERM
Topical term or geographic name entry element Investments
Holdings
Withdrawn status Lost status Damaged status Not for loan Permanent Location Current Location Date acquired Full call number Barcode Date last seen Price effective from Koha item type
        Indian Institute of Public Administration Indian Institute of Public Administration 2018-08-04 T471 M454 GR19980 2018-08-04 2018-08-04 GR

Powered by Koha